000 00894cam a2200313 a 4500
001 58832
003 CO-BoRNBP
005 20250828160134.0
007 ta
008 960201s1978 sp a r 00011 spa d
020 _a847080507X
040 _ala
_cla
041 0 _aspa
043 _ae-sp---
082 0 4 _aI863.08
_bH44
_219 ed.
084 _aC HIJ
245 0 4 _aLos hijos del pescador :
_by otros cuentos populares /
_cilustraciones de Vila.
250 _aEdición de José María Carandell.
300 _ap. :
_bil. ;
_c17 cm.
336 _2rdacontent
_atexto
_btxt
337 _2rdamedia
_asin mediación
_bn
338 _2rdacarrier
_avolumen
_bnc
500 _aEn carátula.
650 7 _aCuentos españoles
_v Colecciones.
_2BLAAUTO
_964105
700 1 _aVila,
_eil.
_964116
700 1 _aCarandell, José María,
_d1934-2003,
_eed.
942 _2ddc
_cBK
949 _an
_bn
999 _c58832
_d58832